O abismo negro (Registo nº 1979)
[ vista simples ]
| 000 -Etiqueta do registo | |
|---|---|
| Cabeçalho | 00758nam a22002411 4500 |
| 005 - Identificador da versão | |
| Campo de controlo | 20240827105831.0 |
| 021 ## - Número do Depósito Legal | |
| Código do país | PT |
| 100 ## - Dados gerais de processamento | |
| Dados gerais de processamento | 20070620d1981 de y0pory5003 ba |
| 101 1# - Língua de publicação | |
| Língua do texto, banda sonora, etc. | Português |
| Língua do documento no original | Inglês |
| 102 ## - Pais de publicação ou produção | |
| País de publicação | Portugal |
| 105 ## - Campo de dados codificados: livros | |
| Dados codificados dos livros | a z 000ay |
| 106 ## - Campo de dados codificados: material textual | |
| Dados codificados do material textual | r |
| 200 1# - Titulo e menção de responsabilidade | |
| Título próprio | O abismo negro |
| Informação de outro título | uma aventura espacial de robots |
| Primeira menção de responsabilidade | Walt Disney |
| Outras menções de responsabilidade | trad. Maria Luísa Ferreira da Costa |
| 210 ## - Publicação, Distribuição, etc. | |
| Lugar da edição, distribuição, etc. | Mem Martins |
| Nome do editor, distribuidor, etc. | Europa-América |
| Data da publicação, distribuição, etc. | [D.L. 1981] |
| 215 ## - Descrição física | |
| Indicação específica da natureza do documento e extensão da espécie | [24] p. |
| Outras indicações físicas | muito il. |
| Dimensões | 20 cm |
| 304 ## - Notas relativas a título e menção de responsabilidade | |
| Texto da nota | Tít. orig.: The black hole |
| 606 ## - Nome comum usado como assunto | |
| Número de registo de entrada de autoridade | 0000641 |
| Palavra de ordem | Literatura estrangeira infanto-juvenil |
| Subdivisão de assunto | Ficção científica |
| 675 ## - Classificação Decimal Universal (CDU) | |
| Notação | 82-311.9 |
| Edição | 2ª |
| Língua da edição | por |
| 702 #1 - Nome de autor-pessoa física (responsabilidade secundária) | |
| Número de registo de entrada de autoridade | 0000643 |
| Palavra de ordem | Costa |
| Outra parte do nome não tomada para palavra de ordem | Maria Luísa Ferreira da |
| Código de função | Tradutor |
| 710 02 - Nome de colectividade-autor (responsabilidade principal) | |
| Número de registo de entrada de autoridade | 0000644 |
| Palavra de ordem | Walt Disney |
| 942 ## - Elementos de entrada adicionados (Koha) | |
| Tipo de item no Koha | Livro |
| Situação do levantamento | Origin of item (home branch) (coded) | Biblioteca de empréstimo | Código de barras | Cota | Circulation type (not for loan) | Tipo de documento | Nota do exemplar | Damaged status |
|---|---|---|---|---|---|---|---|---|
| Biblioteca Escolar da Coca Maravilhas | Biblioteca Escolar da Coca Maravilhas | BECM2020/93 | 8EST DIS | Livro | Sem mensagem |
